01127nam a2200301 a 450000100060000000300080000600500170001400800410003102000220007203500190009404000340011304100080014708200280015510000290018324500970021225000120030926000520032130000250037350000680039850000200046650400320048665100610051870000290057970000670060894200120067599900170068795201210070442249BD-RjUL20211209053519.0160611s1985 nyu b 001 0 eng  a0030708397 (pbk.) a(BD-RjUL)42367 aDLCcDLCdDLCd(BD-RjUL)beng aeng00a353.0089219bSPA 1985 1 aSpanier, John W.912993210aAmerican foreign policy making and the democratic dilemmas /cJohn Spanier, Eric M. Uslaner. a4th ed. aNew York :bHolt, Rinehart and Winston,cc1985. aix, 290 p. ;c24 cm. aRev. ed. of: How American foreign policy is made. 2nd ed. 1978. aIncludes index. aBibliography: p. [263]-279. 0aUnited StatesxForeign relations administration.91292521 aUslaner, Eric M.91287321 aSpanier, John W.tHow American foreign policy is made.9129933 2ddccBK c42249d42249 00102ddc40708NFICaRUCLbRUCLcStackd1990-04-17l0o353.0089 SPA 1985r2016-06-11 00:00:00tC-2w2016-06-11yBK